|
|
|
|
| LEADER |
02287nam a2200517 i 4500 |
| 001 |
mzk03001258678 |
| 003 |
CZ BrMZK |
| 005 |
20190311142332.0 |
| 007 |
ta |
| 008 |
190311s1854 xr f fr|||||00| ||gerod |
| 040 |
|
|
|a BOA001
|b cze
|e rda
|
| 072 |
|
7 |
|a 514
|x Geometrie
|2 Konspekt
|9 13
|
| 072 |
|
7 |
|a 094
|x Staré tisky
|2 Konspekt
|9 12
|
| 080 |
|
|
|a 514
|2 MRF
|
| 080 |
|
|
|a 025.171
|2 MRF
|
| 080 |
|
|
|a (075)
|2 MRF
|
| 100 |
1 |
|
|a Matauschek, Timotheus Anton
|7 mzk2009544584
|4 aut
|
| 245 |
1 |
0 |
|a Lehrbuch der Geometrie, nach dem Organisations-Entwurfe für die österreichischen Gymnasien und Real-Schulen :
|b Mit 11 litographirten Tafeln.
|n Erstes Buch
|c gemeinverständlich verfaßt Timoth. Anton Matauschek
|
| 264 |
|
1 |
|a Prag :
|b F. A. Credner & Kleindub, k. k. Hof- Buch- und kunsthandlung,
|c 1854
|
| 264 |
|
3 |
|a Prag :
|b Druckt der k. k. Hofbuchdruckerei von Gottlieb Haase Söhne in Prag,
|c 1854
|
| 300 |
|
|
|a 6 nečíslovaných stran, 96 stran, 1 nečíslovaná stana, 11 číslovaných příloh ;
|c 4°
|
| 336 |
|
|
|a text
|b txt
|2 rdacontent
|
| 337 |
|
|
|a bez média
|b n
|2 rdamedia
|
| 338 |
|
|
|a svazek
|b nc
|2 rdacarrier
|
| 500 |
|
|
|a Výzdoba: Nad impresem ozdobná linka, jednoduché a ozdobné linky, na konci 11 číslovaných litografických složených tematických příloh
|
| 500 |
|
|
|a Rozsah: [6], 96 s., [1], 11 příl.
|
| 561 |
|
|
|a Provenience: [m.p.] Donavit Author
|
| 561 |
|
|
|a Provenience: [razítko] S.A.B. BRAUNAU
|
| 561 |
|
|
|a Provenience: [razítko] Státní vědecká knihovna Hradec Králové
|
| 563 |
|
|
|a Šitá brožura, papírové desky s obálkovým titulním listem v ozdobném rámu
|
| 650 |
|
7 |
|a geometrie
|2 czenas
|
| 650 |
|
7 |
|a historické knihovní fondy
|7 ph172933
|2 czenas
|
| 655 |
|
4 |
|a tisky 19. století
|
| 655 |
|
7 |
|a učebnice
|7 fd133770
|2 czenas
|
| 700 |
1 |
|
|a Rotter, Jan Ignác,
|d 1807-1886
|7 jo2015873814
|4 dte
|
| 910 |
|
|
|a NAG950
|b B - XVIII. D. aa. 36,1
|
| 978 |
|
|
|b Haase, Gottlieb - synové
|a Praha
|c 1854
|
| 978 |
|
|
|b Credner, Bedřich August
|a Praha
|c 1854
|
| 978 |
|
|
|b Kleinbub, Kristián
|a Praha
|c 1854
|
| 982 |
0 |
|
|a Broumov - benediktinský klášter
|
| 982 |
0 |
|
|a Hradec Králové - SVK
|
| 984 |
|
|
|a Praha
|b Česko
|
| 985 |
|
|
|a 1851-1900
|
| 990 |
|
|
|a BK
|
| 991 |
|
|
|k broumov
|
| 980 |
|
|
|c 004079
|g B - XVIII. D. aa. 36,1
|1 458950004079
|